The practical study of languages : (Record no. 6649)
[ view plain ]
| 000 -LEADER | |
|---|---|
| fixed length control field | 00920cam a2200289 a 4500 |
| 001 - CONTROL NUMBER | |
| JCCL Control Number | 6649 |
| 003 - CONTROL NUMBER IDENTIFIER | |
| JCCL marc code | BD-JhCC |
| 005 - DATE AND TIME OF LATEST TRANSACTION | |
| control field | 20180127175736.0 |
| 008 - FIXED-LENGTH DATA ELEMENTS--GENERAL INFORMATION | |
| fixed length control field | 720519r19641899enk b 000 0 eng |
| 035 ## - SYSTEM CONTROL NUMBER | |
| system control number | (BD-JhCC)6649 |
| 040 ## - CATALOGING SOURCE | |
| Original cataloging agency | DLC |
| Transcribing agency | WSU |
| Modifying agency | OCL |
| -- | EQO |
| -- | BD-JhCC |
| 041 ## - LANGUAGE CODE | |
| Language code of Book | eng |
| 050 0# - LIBRARY OF CONGRESS CALL NUMBER | |
| Classification number | PB35 |
| Item number | .S85 1964 |
| 082 ## - DEWEY DECIMAL CLASSIFICATION NUMBER | |
| Classification number | 407 |
| Author mark and Year | SWE 1964 |
| 100 1# - MAIN ENTRY--PERSONAL NAME | |
| Personal name | Sweet, Henry, |
| Dates associated with a name | 1845-1912. |
| 245 14 - TITLE STATEMENT | |
| Title | The practical study of languages : |
| Remainder of title | a guide for teachers and learners / |
| Statement of responsibility, etc | Henry Sweet |
| 260 ## - PUBLICATION, DISTRIBUTION, ETC. (IMPRINT) | |
| Place of publication, distribution, etc | London : |
| Name of publisher, distributor, etc | Oxford University Press, |
| Date of publication, distribution, etc | 1964. |
| 300 ## - PHYSICAL DESCRIPTION | |
| Pagination | xiii, 276 p. |
| Dimensions | 20 cm. |
| 490 1# - SERIES STATEMENT | |
| Series statement | Language and language learning, |
| Volume number/sequential designation | 1 |
| 500 ## - GENERAL NOTE | |
| General note | A reissue ; first published in 1899. |
| 504 ## - BIBLIOGRAPHY, ETC. NOTE | |
| Bibliography, etc | Bibliography: p. [xv] |
| 650 #0 - SUBJECT ADDED ENTRY--TOPICAL TERM | |
| Topical term or geographic name as entry element | Language and languages |
| General subdivision | Study and teaching. |
| 650 #0 - SUBJECT ADDED ENTRY--TOPICAL TERM | |
| Topical term or geographic name as entry element | Languages, Modern |
| General subdivision | Study and teaching. |
| 830 #0 - SERIES ADDED ENTRY--UNIFORM TITLE | |
| Uniform title | Language and language learning, |
| Volume number/sequential designation | 1 |
| 942 ## - ADDED ENTRY ELEMENTS (KOHA) | |
| Source of classification or shelving scheme | Dewey Decimal Classification |
| Koha item type | Books |
| Source of classification or shelving scheme | Damaged status | Not for loan | Home library | Current library | Shelving location | Total Checkouts | Full call number | Barcode | Date last seen | Copy number | Koha item type |
|---|---|---|---|---|---|---|---|---|---|---|---|
| Dewey Decimal Classification | JCC Rouf Library | JCC Rouf Library | General Stacks | 407 SWE 1964 | 9013 | 01/27/2018 | C - 1 | Books |